| 000 | 00585nam a2200217Ia 4500 | ||
|---|---|---|---|
| 005 | 20250508161010.0 | ||
| 008 | 008 250505s9999 xx 000 0 eng d | ||
| 020 | _a0 582 48828 | ||
| 037 | _aTextual | ||
| 040 |
_aFEDL _beng _cFEDL |
||
| 041 |
_aeng _2eng |
||
| 084 |
_a155.4, LEE _qFEDL |
||
| 100 |
_aLee Catherine _9476319 |
||
| 245 | 0 | _aGrowth and development of children | |
| 250 | _a2 | ||
| 260 |
_aLondon, UK _bLongmans, Green and Co. _c1977 |
||
| 300 | _a191p. | ||
| 650 | _aChild Psychology | ||
| 942 |
_cTEXL _h155.4, LEE |
||
| 999 |
_c1367838 _d1367838 |
||